<?xml version="1.0" encoding="UTF-8"?>
<collection xmlns="http://www.loc.gov/MARC21/slim">
 <record>
  <leader>01055nam a2200205 a 4500</leader>
  <controlfield tag="001">1/37640</controlfield>
  <controlfield tag="008">090603s2007    gr  bd    b   00010 eng d</controlfield>
  <datafield tag="020" ind1=" " ind2=" ">
   <subfield code="a">9789608665194</subfield>
  </datafield>
  <datafield tag="035" ind1=" " ind2=" ">
   <subfield code="l">40252</subfield>
  </datafield>
  <datafield tag="040" ind1=" " ind2=" ">
   <subfield code="a">GR-PeUP</subfield>
  </datafield>
  <datafield tag="082" ind1="0" ind2="0">
   <subfield code="a">551.47022 ΣΟΥ</subfield>
  </datafield>
  <datafield tag="100" ind1="1" ind2=" ">
   <subfield code="a">Soukissian, T.</subfield>
  </datafield>
  <datafield tag="245" ind1="1" ind2="0">
   <subfield code="a">Άτλαντας ανέμου και κύματος των ελληνικών θαλασσων =</subfield>
   <subfield code="b">Wind and wave atlas of the hellenic seas /</subfield>
   <subfield code="c">υπό Σουκισιάν, Τακβόρ.</subfield>
  </datafield>
  <datafield tag="260" ind1="0" ind2=" ">
   <subfield code="a">Ανάβυσσος :</subfield>
   <subfield code="b">Ελληνικό Κέντρο Θαλασσίων Ερευνών,</subfield>
   <subfield code="c">2007.</subfield>
  </datafield>
  <datafield tag="300" ind1=" " ind2=" ">
   <subfield code="a">xi, 62, 225 σ. :</subfield>
   <subfield code="b">εικ., πίν., χάρτ. ;</subfield>
   <subfield code="c">23 εκ.</subfield>
  </datafield>
  <datafield tag="504" ind1=" " ind2=" ">
   <subfield code="a">Περιέχει βιβλιογραφία.</subfield>
  </datafield>
  <datafield tag="650" ind1=" " ind2="4">
   <subfield code="a">Θαλάσσια κύματα</subfield>
   <subfield code="z">Μεσόγειος Θάλασσα</subfield>
   <subfield code="x">Άτλαντες.</subfield>
  </datafield>
  <datafield tag="650" ind1=" " ind2="4">
   <subfield code="a">Άνεμοι</subfield>
   <subfield code="y">Μεσόγειος Θάλασσα</subfield>
   <subfield code="x">Άτλαντες.</subfield>
  </datafield>
  <datafield tag="650" ind1=" " ind2="4">
   <subfield code="a">Ωκεανογραφία.</subfield>
  </datafield>
  <datafield tag="852" ind1=" " ind2=" ">
   <subfield code="a">INST</subfield>
   <subfield code="b">UNIPILB</subfield>
   <subfield code="c">MAIN</subfield>
   <subfield code="e">20090603</subfield>
   <subfield code="h">551.47022 ΣΟΥ</subfield>
   <subfield code="p">00158588</subfield>
   <subfield code="q">00158588</subfield>
   <subfield code="t">LOAN</subfield>
   <subfield code="y">0</subfield>
   <subfield code="4">1</subfield>
  </datafield>
 </record>
</collection>
